Statistics for 12 Apostles of Jesus

Click here to take the quiz!

General Stats

  • This quiz has been taken 104,322 times
    (76,922 since last reset)
  • The average score is 7 of 12

Answer Stats

Apostle% Correct
John
90%
Peter
86%
Judas
85%
Matthew
78%
James son of Alphaeus
56%
James son of Zebedee
56%
Simon
55%
Thomas
55%
Andrew
44%
Bartholomew
38%
Thaddaeus
29%
Philip
26%

Score Distribution

Percentile by Number Answered

Percent of People with Each Score

Your Score History

You have not taken this quiz since the last reset